| 000 | 00410nam a2200181Ia 4500 | ||
|---|---|---|---|
| 008 | 210210b1950 xxu||||| |||| 00| 0 eng d | ||
| 041 | _aeng | ||
| 082 | _a230/124 | ||
| 100 | _aPEGIS (Anton C) | ||
| 245 | _aWisdom of catholicism | ||
| 260 |
_aLondon _bMichael Joseph _c1950 |
||
| 300 | _a912 | ||
| 650 | _aWisdom | ||
| 650 | _aof | ||
| 650 | _acatholicism | ||
| 690 | _aChristianity | ||
| 906 | _a001360 | ||
| 999 |
_c116496 _d116496 |
||